Záchranné stanice: 2. kolo do konca marca do výberového konania na prevádzkovanie záchranky sa prihlásilo 65 subjektov

Bibliographic Details
Format: Article
Language:Slovak
ISSN:1335-4477
Subjects:

MARC

LEADER 00000nab a2200000 a 4500
001 vtls008699527
003 SK-MaSNL
005 20260426072236.0
008 140303c2006 xo wrzp 0 0slo
015 |a SNBRB2006/04  |2 snkbucl 
040 |a SNKBUCL  |b slo  |c SNKBUCL  |e AACR2 
041 0 |a slo 
044 |a xo  |c SK 
080 |a 614.881  |x (437.6)  |2 1997 
245 0 0 |a Záchranné stanice: 2. kolo do konca marca  |b do výberového konania na prevádzkovanie záchranky sa prihlásilo 65 subjektov  |c [autor] (mi) 
650 0 7 |a zdravotnícka záchranná služba  |2 snkbucl  |9 69995 
650 0 7 |a ambulancie  |2 snkbucl  |9 408348 
651 7 |a Slovensko  |2 snkbucl  |9 14231 
773 0 |t Zdravotnícke noviny  |g Roč. XI, č. 3 (2006), s. 1  |x 1335-4477 
852 |a SNK  |b KIS3GCP 
958 |a ME 
958 |a SK 
999 |c 2686652  |d 2688582